The big bosses /

Bibliographic Details
Main Author: Van Devander, Charles W.
Format: Book
Language:English
Published: [New York] : Howell, Soskin, 1944.
Subjects:

MARC

Tag First Indicator Second Indicator Subfields
LEADER 00000cam a2200000 4500
001 in00000064006
005 20151008051151.0
008 720421s1944 nyu 00000 eng u
010 |a  44003308  
035 |a (OCoLC)00290649 
035 |9 AAG6172AM 
040 |c OUN  |d TXA  |d UtOrBLW 
049 |a TXAM  |c [134873] 
050 0 |a JK2249  |b .V3 
092 |a 329  |b V244b 
100 1 |a Van Devander, Charles W. 
245 1 4 |a The big bosses /  |c by Charles W. Van Devander. 
264 1 |a [New York] :  |b Howell, Soskin,  |c 1944. 
300 |a 3 preliminary leaves, [9]-318 pages ;  |c 20 cm. 
336 |a text  |b txt  |2 rdacontent 
337 |a unmediated  |b n  |2 rdamedia 
338 |a volume  |b nc  |2 rdacarrier 
650 0 |a Political corruption. 
651 0 |a United States  |x Politics and government  |y 20th century. 
999 |a MARS 
999 f f |s d15d6ca4-7898-3990-8b10-353c9d42cd60  |i c42de02f-e3e0-36ce-84c3-22caaa762718  |t 0 
952 f f |p ric  |a Texas A&M University  |b Rellis Campus  |c Joint Library Facility  |d Remote Storage  |t 0  |e JK2249 .V3  |h Library of Congress classification  |i unmediated -- volume  |m A14800683504 
998 f f |a JK2249 .V3  |t 0  |l Remote Storage